Presidents of Sri Lanka by Picture - Statistics

General Stats
  • This quiz has been taken 13 times
    4 since last reset
  • The average score is 7 of 10
Answer Stats
Picture Hint Answer % Correct
2024-Present Anura Kumara Dissanayake
100%
2019-2022 Gotabaya Rajapaksa
100%
2005-2015 Mahinda Rajapaksa
100%
2015-2019 Maithripala Sirisena
100%
1989-1993 Ranasinghe Premadasa
75%
1994-2005 Chandrika Kumaratunga
50%
1978-1989 J. R. Jayewardene
50%
2022-2024 Ranil Wickremesinghe
50%
1972-1978 William Gopallawa
50%
1993-1994 Dingiri Banda Wijetunga
25%
No matching quizzes found
Score Distribution
Percent of People with Each Score
Percentile by Number Answered
Your Score History
You have not taken this quiz since the last reset